| 000 | 00469nam a2200229Ia 4500 | ||
|---|---|---|---|
| 001 | 083745 | ||
| 003 | YMCAF | ||
| 005 | 20230512161422.0 | ||
| 008 | 100717s2002 ||||||||||||||||| ||und|d | ||
| 024 | _a83745 | ||
| 035 | _a23205 | ||
| 040 |
_aYMCAF _beng _cIN-KoLT |
||
| 041 | _aeng | ||
| 082 |
_a006.7 _bVAU |
||
| 100 | _aVaugham, Tay | ||
| 245 | 0 | _aMultimedia | |
| 250 | _a5th | ||
| 260 |
_bTMH _c2002 |
||
| 300 | _a525 | ||
| 500 | _aWIth CD | ||
| 942 |
_2ddc _cBK |
||
| 999 |
_c8453 _d8453 |
||